000
002700000a22000970004500
100
1
_a
Zevit, Ziony
245
1
0
_a
Yahweh worship and worshippers in 8th-Century Syria
300
_a
Vol. 41, Num. 3 (Julio, 1991), Páginas 363-366
773
0
_t
Vetus Testamentum
942
_c
ANA
999
_c
57681
_d
57681